| 000 | 00927nam a22002177a 4500 | ||
|---|---|---|---|
| 999 |
_c12452 _d12452 |
||
| 003 | AR-CdUCM | ||
| 008 | 190408b ||||| |||| 00| 0 spa d | ||
| 040 |
_aMUNICIPALIDAD PROVINCIAL DEL CUSCO _cBIBLIOTECA MUNICIPAL DEL CUSCO |
||
| 041 | _hger | ||
| 082 |
_a911 / _bD619 / 1929 |
||
| 100 |
_aDix, Arthur _930304 |
||
| 245 | _aGeografía política / | ||
| 260 |
_aBarcelona : _bLabor, _c1929. |
||
| 300 |
_a198 páginas ; _bMapas Plegables, Ilustraciones, _c19 cm. |
||
| 440 |
_aColección Labor _n196 _930305 |
||
| 505 | _aContenido: Condiciones de la vida geográfico-económico y fines políticos-económicos de los estados -- Condiciones de existencia derivadas de la geografía de las comunicaciones y fines de la política de los Estados respecto a las mismas ... | ||
| 650 |
_aGeografía Política _914669 |
||
| 700 |
_aMartín Echeverría, L. (traductor) _930306 |
||
| 942 |
_2ddc _cLIBROS |
||
| 945 |
_acmm _d2019-04-08 |
||